|
|
|
|
| LEADER |
00000cam a22000004a 4500 |
| 001 |
musev2_6766 |
| 003 |
MdBmJHUP |
| 005 |
20230905040803.0 |
| 006 |
m o d |
| 007 |
cr||||||||nn|n |
| 008 |
050310s2005 alu o 00 0 eng d |
| 010 |
|
|
|z 2005006880
|
| 020 |
|
|
|a 9780817384326
|
| 020 |
|
|
|z 9780817352578
|
| 020 |
|
|
|z 9780817314835
|
| 035 |
|
|
|a (OCoLC)649931176
|
| 040 |
|
|
|a MdBmJHUP
|c MdBmJHUP
|
| 043 |
|
|
|a n------
|a s------
|a e-sp---
|
| 050 |
0 |
4 |
|a E125.S7
|b V44 2005
|
| 082 |
0 |
|
|a 970.01/6
|2 22
|
| 100 |
1 |
|
|a Steigman, Jonathan D.,
|d 1967-
|
| 245 |
1 |
3 |
|a La Florida del Inca and the Struggle for Social Equality in Colonial Spanish America /
|c Jonathan D. Steigman.
|
| 264 |
|
1 |
|a Tuscaloosa :
|b University of Alabama Press,
|c 2005.
|
| 264 |
|
3 |
|a Baltimore, Md. :
|b Project MUSE,
|c 2012
|
| 264 |
|
4 |
|c ©2005.
|
| 300 |
|
|
|a 1 online resource (137 pages).
|
| 336 |
|
|
|a text
|b txt
|2 rdacontent
|
| 337 |
|
|
|a computer
|b c
|2 rdamedia
|
| 338 |
|
|
|a online resource
|b cr
|2 rdacarrier
|
| 504 |
|
|
|a Includes bibliographical references (p. [117]-120) and index.
|
| 505 |
0 |
|
|a Prelude -- Purpose, style, and themes of La Florida del Inca -- El Inca's Native Americans -- La Florida's ideal conquerors -- El Inca's prophetic voice.
|
| 588 |
|
|
|a Description based on print version record.
|
| 600 |
1 |
0 |
|a Soto, Hernando de,
|d ca. 1500-1542.
|
| 600 |
1 |
0 |
|a Vega, Garcilaso de la,
|d 1539-1616.
|t Florida del Inca.
|
| 651 |
|
0 |
|a Florida
|x History
|y To 1565.
|
| 651 |
|
0 |
|a America
|v Early accounts to 1800
|x History and criticism.
|
| 651 |
|
0 |
|a America
|x Discovery and exploration
|x Spanish
|v Early works to 1800.
|
| 655 |
|
7 |
|a Electronic books.
|2 local
|
| 710 |
2 |
|
|a Project Muse.
|e distributor
|
| 830 |
|
0 |
|a Book collections on Project MUSE.
|
| 856 |
4 |
0 |
|z Texto completo
|u https://projectmuse.uam.elogim.com/book/6766/
|
| 945 |
|
|
|a Project MUSE - Custom Collection
|
| 945 |
|
|
|a Project MUSE - Archive Complete Foundation
|
| 945 |
|
|
|a Project MUSE - Archive History Foundation
|
| 945 |
|
|
|a Project MUSE - Archive Native American and Indigenous Studies Foundation
|